Global market perspective (Record no. 114563)

MARC details
000 -LEADER
fixed length control field 01291cad a22002415a 4500
001 - CONTROL NUMBER
control field L157055
008 - FIXED-LENGTH DATA ELEMENTS--GENERAL INFORMATION
fixed length control field 120824s2015 xxk 000 0 eng d
035 ## - SYSTEM CONTROL NUMBER
System control number (Sirsi) u157055
041 0# - LANGUAGE CODE
Language code of text/sound track or separate title eng
110 2# - MAIN ENTRY--CORPORATE NAME
Corporate name or jurisdiction name as entry element Jones Lang LaSalle
9 (RLIN) 3755
245 00 - TITLE STATEMENT
Title Global market perspective
Remainder of title Q1 2015
Medium [electronic resource]
260 ## - PUBLICATION, DISTRIBUTION, ETC.
Place of publication, distribution, etc. [S.l.]
Name of publisher, distributor, etc. Jones Lang LaSalle
Date of publication, distribution, etc. 2015
490 ## - SERIES STATEMENT
Series statement Jones Lang LaSalle Global Market Perspective Global Foresight Series
Volume/sequential designation Q1 2015
520 ## - SUMMARY, ETC.
Summary, etc. The major global real estate markets are in better shape than at any time since the Global Financial Crisis, with the continued momentum in capital markets now supported by improving corporate occupier demand across all the main global regions and property sectors. Meanwhile, rising construction levels and developer confidence underline the strength of demand for modern space.
590 ## - LOCAL NOTE (RLIN)
Local note NTK KA
650 24 - SUBJECT ADDED ENTRY--TOPICAL TERM
Topical term or geographic name entry element JONES LANG LASALLE GLOBAL MARKET PERSPECTIVE
651 #4 - SUBJECT ADDED ENTRY--GEOGRAPHIC NAME
Geographic name International
690 ## - LOCAL SUBJECT ADDED ENTRY--TOPICAL TERM (OCLC, RLIN)
Topical term or geographic name as entry element Commercial property
9 (RLIN) 6227
690 ## - LOCAL SUBJECT ADDED ENTRY--TOPICAL TERM (OCLC, RLIN)
Topical term or geographic name as entry element Residential property
9 (RLIN) 6266
856 40 - ELECTRONIC LOCATION AND ACCESS
Uniform Resource Identifier <a href="https://www.jll.com/research/137/jll-gmp-q12015">https://www.jll.com/research/137/jll-gmp-q12015</a>
Public note View the report at www.jll.com
856 40 - ELECTRONIC LOCATION AND ACCESS
Uniform Resource Identifier <a href="https://www.jll.com/gmp/market-perspective/view-report-archives">https://www.jll.com/gmp/market-perspective/view-report-archives</a>
Public note View the Global Market Perspective archive at www.jll.com
942 ## - ADDED ENTRY ELEMENTS (KOHA)
Suppress in OPAC 0
Holdings
Withdrawn status Lost status Source of classification or shelving scheme Damaged status Not for loan Home library Current library Shelving location Date acquired Total Checkouts Full call number Barcode Date last seen Copy number Price effective from Koha item type
    Dewey Decimal Classification     Virtual Virtual Online 25/08/2012   ONLINE PUBLICATION 157055-2001 06/08/2019 1 06/08/2019 Book